KICKSTART YOUR MONEY THE COMPLETE GUIDE (Record no. 17932)

MARC details
000 -LEADER
fixed length control field 00372nam a2200145Ia 4500
008 - FIXED-LENGTH DATA ELEMENTS--GENERAL INFORMATION
fixed length control field 240624s9999 xx 000 0 und d
041 ## - LANGUAGE CODE
Language code of text/sound track or separate title eng
082 ## - DEWEY DECIMAL CLASSIFICATION NUMBER
Classification number 658.15 FIX
100 ## - MAIN ENTRY--PERSONAL NAME
Personal name FIXSEN RACHEL
245 ## - TITLE STATEMENT
Title KICKSTART YOUR MONEY THE COMPLETE GUIDE
250 ## - EDITION STATEMENT
Edition statement 11
260 ## - PUBLICATION, DISTRIBUTION, ETC.
Date of publication, distribution, etc. 2002
Place of publication, distribution, etc. England
Name of publisher, distributor, etc. John Wiley & Sons
300 ## - PHYSICAL DESCRIPTION
Extent xi, : 172 : p. : cm. ; 19
365 ## - TRADE PRICE
Currency code
Price amount 30
Holdings
Withdrawn status Lost status Damaged status Not for loan Home library Current library Shelving location Date acquired Source of acquisition Cost, normal purchase price Total Checkouts Full call number Barcode Date last seen Date last checked out Copy number Price effective from Koha item type
        IMTN IMTN Rack 23-A 09/17/2011 AP 29.95 2 658.15 FIX 17932 10/29/2025 10/09/2025 46.8 06/24/2024 Books
Designed & Maintained by: LRC IMT Nagpur Contact: lrc@imtnag.ac.in© 2024. All Rights Reserved.